000 00566nam a2200169 a 4500
005 20210223120405.0
008 991125s1970 ve 000 0 spa u
035 _aUPN01000000040
049 _aCG
050 4 _aLA606
_bI5.3
110 2 _aInstituto Nacional de Cooperación Educativa (Venezuela)
_928084
245 1 0 _a10 Años del INCE /
_cInstituto Nacional de Cooperación Educativa.
260 _a[Venezuela :
_bINCE,
_c1970].
300 _a81 p. :
_bil. (algunas col.)
610 2 4 _aINSTITUTO NACIONAL DE COOPERACION EDUCATIVA (VENEZUELA) -
_vINFORMES
905 _aLibro
999 _c40
_d40